[Event "25. Open Internacional de Parla 2010"]
[Site "Parla ESP"]
[Date "2010.09.04"]
[Round "1.31"]
[White "Sousa Barreiro, Bieito"]
[Black "Ramos Aldoradin, John Paul"]
[Result "0-1"]
[WhiteElo "1676"]
[BlackElo "2126"]
[PlyCount "74"]
[EventDate "2010.09.04"]
[EventType "swiss"]
[EventRounds "9"]
[EventCountry "ESP"]
[Source "lmi"]
[SourceDate "2010.09.04"]

1. d4 e6 2. c4 Nf6 3. g3 d5 4. Nc3 c6 5. Bg2 dxc4 6. e4 b5 7. Bg5 a6 8. Bxf6
Qxf6 9. Nge2 Bb7 10. e5 Qd8 11. O-O Be7 12. f4 O-O 13. f5 exf5 14. Rxf5 Nd7 15.
Qc2 Nb6 16. Raf1 Nd5 17. Nxd5 cxd5 18. g4 Bc8 19. Nf4 Be6 20. Rf3 Qb6 21. Qf2
g6 22. Nh5 gxh5 23. Rxh5 Rfc8 24. Qe3 Qxd4 25. Qxd4 Bc5 26. Rf4 Bxd4+ 27. Rxd4
b4 28. Bxd5 Bxd5 29. Rxd5 c3 30. bxc3 bxc3 31. e6 c2 32. exf7+ Kxf7 33. Rd7+
Ke8 34. Rdxh7 c1=Q+ 35. Kf2 Qd2+ 36. Kf1 Qf4+ 37. Ke2 Rc2+ 0-1

[Event "25. Open Internacional de Parla 2010"]
[Site "Parla ESP"]
[Date "2010.09.04"]
[Round "1.32"]
[White "Arauz Alonso, Fernando"]
[Black "Garcia Osorio, Miguel Angel"]
[Result "1-0"]
[WhiteElo "2098"]
[BlackElo "1675"]
[PlyCount "83"]
[EventDate "2010.09.04"]
[EventType "swiss"]
[EventRounds "9"]
[EventCountry "ESP"]
[Source "lmi"]
[SourceDate "2010.09.04"]

1. d4 d5 2. Nf3 e6 3. e3 Nf6 4. Bd3 Be7 5. b3 O-O 6. Bb2 c5 7. Nbd2 Nc6 8. a3
b6 9. O-O Bb7 10. Ne5 cxd4 11. exd4 Nxe5 12. dxe5 Ne4 13. Nxe4 dxe4 14. Bc4
Qxd1 15. Rfxd1 Rad8 16. Kf1 a5 17. Bd4 Bc5 18. Bxc5 bxc5 19. Ke2 Bd5 20. Bb5 f5
21. c4 Bb7 22. Rd6 Rxd6 23. exd6 Rd8 24. Rd1 Kf8 25. b4 axb4 26. axb4 cxb4 27.
c5 b3 28. c6 Bxc6 29. Bxc6 b2 30. d7 Ke7 31. Kd2 Rb8 32. Kc2 b1=Q+ 33. Rxb1
Rxb1 34. Kxb1 h6 35. Kc2 g5 36. Kc3 e5 37. Kc4 f4 38. Bxe4 Kxd7 39. Kd5 Ke7 40.
Kxe5 Kf7 41. Kf5 Kg7 42. h4 1-0

[Event "25. Open Internacional de Parla 2010"]
[Site "Parla ESP"]
[Date "2010.09.04"]
[Round "1.33"]
[White "Fariñas Lucas, Juan Antonio"]
[Black "Rodrigo Yanguas, Maria"]
[Result "1-0"]
[WhiteElo "1671"]
[BlackElo "2095"]
[PlyCount "89"]
[EventDate "2010.09.04"]
[EventType "swiss"]
[EventRounds "9"]
[EventCountry "ESP"]
[Source "lmi"]
[SourceDate "2010.09.04"]

1. e4 e6 2. d4 d5 3. Nd2 Be7 4. Ngf3 Nf6 5. Bd3 c5 6. c3 Nc6 7. e5 Nd7 8. O-O
cxd4 9. cxd4 Nb6 10. b3 a5 11. a4 Nb4 12. Bb5+ Bd7 13. Qe2 Rc8 14. Ba3 O-O 15.
Rac1 Rxc1 16. Rxc1 Na2 17. Rc2 Bxa3 18. Rxa2 Qc7 19. h3 Bb4 20. Kh2 Rc8 21. Nf1
Qc1 22. Bxd7 Nxd7 23. Ne3 Qb1 24. Rb2 Qe4 25. Rc2 Rb8 26. Qb5 Nf8 27. Qb6 f5
28. Qc7 Re8 29. Qxb7 f4 30. Rc7 fxe3 31. Rxg7+ Kh8 32. Qf7 Qf4+ 33. Qxf4 Kxg7
34. Qf6+ Kg8 35. fxe3 Be7 36. Qh6 Rb8 37. Ng5 Rb6 38. Qh5 Bxg5 39. Qxg5+ Kf7
40. Qd8 Rxb3 41. Qxa5 Rxe3 42. Qa7+ Ke8 43. a5 Nd7 44. a6 Kd8 45. Qb7 1-0

[Event "25. Open Internacional de Parla 2010"]
[Site "Parla ESP"]
[Date "2010.09.04"]
[Round "1.34"]
[White "Garcia Lopez, Luis Manuel"]
[Black "Alcazar Mata, Jesus"]
[Result "0-1"]
[WhiteElo "2094"]
[BlackElo "1666"]
[PlyCount "40"]
[EventDate "2010.09.04"]
[EventType "swiss"]
[EventRounds "9"]
[EventCountry "ESP"]
[Source "lmi"]
[SourceDate "2010.09.04"]

1. e4 e5 2. Bc4 Nf6 3. d4 exd4 4. Nf3 Bb4+ 5. c3 dxc3 6. bxc3 Bc5 7. e5 d5 8.
exf6 dxc4 9. Qe2+ Be6 10. fxg7 Rg8 11. O-O Rxg7 12. Qe5 Bf8 13. Qb5+ Qd7 14.
Qxb7 Bd5 15. Re1+ Be7 16. Rxe7+ Kxe7 17. Qb4+ Ke8 18. Ba3 Qd6 19. Qb2 Qg6 20.
Ne1 Bxg2 0-1

[Event "25. Open Internacional de Parla 2010"]
[Site "Parla ESP"]
[Date "2010.09.04"]
[Round "1.35"]
[White "Sanchez Tapia, Luis"]
[Black "Villar Perez, Samuel"]
[Result "0-1"]
[WhiteElo "1638"]
[BlackElo "2087"]
[PlyCount "112"]
[EventDate "2010.09.04"]
[EventType "swiss"]
[EventRounds "9"]
[EventCountry "ESP"]
[Source "lmi"]
[SourceDate "2010.09.04"]

1. e4 c5 2. Nf3 d6 3. Bc4 Nc6 4. d4 cxd4 5. Nxd4 Nf6 6. Nxc6 bxc6 7. e5 Qa5+ 8.
Nc3 Qxe5+ 9. Qe2 Qxe2+ 10. Nxe2 d5 11. Bd3 e5 12. c3 a5 13. Ng3 Bc5 14. O-O e4
15. Be2 Rb8 16. b3 O-O 17. Bg5 Ng4 18. Bf4 Ra8 19. h3 Nf6 20. Bg5 Be6 21. Bxf6
gxf6 22. Nh5 Be7 23. Rad1 Rfd8 24. f4 f5 25. Rd2 c5 26. Rfd1 d4 27. cxd4 cxd4
28. Kh1 d3 29. Bf1 Rac8 30. Ng3 Ba3 31. Ne2 Bb4 32. Rb2 dxe2 33. Rxd8+ Rxd8 34.
Bxe2 Rd2 35. Rxd2 Bxd2 36. g3 Kf8 37. Bb5 Bd5 38. Kg1 e3 39. Kf1 Bf3 40. Be2
Bd5 41. Bb5 Ke7 42. Bd3 Be6 43. Bc2 Kd6 44. Ke2 Kc5 45. Kd1 Kd4 46. Ke2 Bc8 47.
Bd3 Bd7 48. Bc4 f6 49. a4 Bc8 50. Kf3 Bb7+ 51. Ke2 Bd5 52. Bxd5 Kxd5 53. Kd3 h5
54. b4 axb4 55. a5 b3 56. a6 Kc6 0-1

[Event "25. Open Internacional de Parla 2010"]
[Site "Parla ESP"]
[Date "2010.09.04"]
[Round "1.36"]
[White "Cortes Jurado, Rafael"]
[Black "Kalinovsky, Martin"]
[Result "1-0"]
[WhiteElo "2083"]
[BlackElo "1634"]
[PlyCount "65"]
[EventDate "2010.09.04"]
[EventType "swiss"]
[EventRounds "9"]
[EventCountry "ESP"]
[Source "lmi"]
[SourceDate "2010.09.04"]

1. d4 Nf6 2. Nf3 d5 3. c4 e6 4. Nc3 c5 5. cxd5 exd5 6. g3 Nc6 7. Bg2 h6 8. O-O
Be6 9. b3 Be7 10. Bb2 O-O 11. Rc1 Rc8 12. dxc5 Bxc5 13. Nb5 Qb6 14. Nbd4 Nxd4
15. Nxd4 Bxd4 16. Qxd4 Qxd4 17. Bxd4 Nd7 18. Rfd1 a6 19. Be3 Nf6 20. Bd4 Nd7
21. Bb2 Nb6 22. a4 a5 23. Bc3 Ra8 24. Bd4 Nd7 25. Rc7 b6 26. Rdc1 Rfb8 27. R1c6
Kf8 28. Rxe6 fxe6 29. Rxd7 g5 30. Bf3 Rd8 31. Rh7 Rab8 32. Bh5 Rdc8 33. Bf6 1-0

[Event "25. Open Internacional de Parla 2010"]
[Site "Parla ESP"]
[Date "2010.09.04"]
[Round "1.37"]
[White "Montoya Pecurul, Marc"]
[Black "Aziz Ortego, Omar Luis"]
[Result "0-1"]
[WhiteElo "1629"]
[BlackElo "2080"]
[PlyCount "50"]
[EventDate "2010.09.04"]
[EventType "swiss"]
[EventRounds "9"]
[EventCountry "ESP"]
[Source "lmi"]
[SourceDate "2010.09.04"]

1. e4 e6 2. d4 d5 3. Nc3 Nf6 4. e5 Nfd7 5. f4 c5 6. Be3 cxd4 7. Bxd4 Nc6 8. Be3
g5 9. Nf3 gxf4 10. Bxf4 Qb6 11. Qd2 Bb4 12. a3 Qa5 13. Be2 Nc5 14. O-O Bxc3 15.
bxc3 Ne4 16. Qe1 Qxc3 17. Qh4 Qxc2 18. Rfe1 Qc5+ 19. Kf1 Rg8 20. Ng5 Qe7 21.
Qxh7 Rxg5 22. Bxg5 Qxg5 23. Qh8+ Ke7 24. Bf3 b6 25. Bxe4 Ba6+ 0-1

[Event "25. Open Internacional de Parla 2010"]
[Site "Parla ESP"]
[Date "2010.09.04"]
[Round "1.38"]
[White "Ruiz Sanchez, Roberto"]
[Black "Hernandez Mateo, Borja"]
[Result "1-0"]
[WhiteElo "2079"]
[BlackElo "1617"]
[PlyCount "83"]
[EventDate "2010.09.04"]
[EventType "swiss"]
[EventRounds "9"]
[EventCountry "ESP"]
[Source "lmi"]
[SourceDate "2010.09.04"]

1. e4 c5 2. Nf3 d6 3. d4 cxd4 4. Nxd4 Nf6 5. Nc3 a6 6. Be2 e5 7. Nb3 Be6 8. O-O
Be7 9. f4 O-O 10. Kh1 Nbd7 11. f5 Bxb3 12. axb3 Nc5 13. Bf3 Rc8 14. Be3 Qc7 15.
Qe1 Qc6 16. Qg3 Kh8 17. Bg5 Rfe8 18. Rfe1 b5 19. Rad1 h6 20. Bc1 Ncd7 21. Re2
Nb6 22. Qe1 Red8 23. g4 Nh7 24. h4 f6 25. Rh2 Kg8 26. Qg3 Kf8 27. Rf2 Qe8 28.
Be3 Rc6 29. Rfd2 Rdc8 30. Qf2 Rb8 31. Na2 a5 32. Be2 Nd7 33. Nc3 b4 34. Nd5 Nc5
35. Qg2 Rbc8 36. Bb5 Rb8 37. Nxe7 Kxe7 38. Bxc6 Qxc6 39. Rxd6 Qxd6 40. Rxd6
Kxd6 41. Qd2+ Kc6 42. Qd5+ 1-0

[Event "25. Open Internacional de Parla 2010"]
[Site "Parla ESP"]
[Date "2010.09.04"]
[Round "1.39"]
[White "Sanchez Rodriguez, Carlos"]
[Black "Castejon Caballero, Andres"]
[Result "0-1"]
[WhiteElo "1614"]
[BlackElo "2077"]
[PlyCount "62"]
[EventDate "2010.09.04"]
[EventType "swiss"]
[EventRounds "9"]
[EventCountry "ESP"]
[Source "lmi"]
[SourceDate "2010.09.04"]

1. e4 c5 2. Nf3 Nc6 3. d4 cxd4 4. Nxd4 Nf6 5. Nc3 e5 6. Nf5 d5 7. f3 Bxf5 8.
exf5 Bb4 9. Bd2 d4 10. Ne4 Nxe4 11. fxe4 Qh4+ 12. g3 Qxe4+ 13. Qe2 Bxd2+ 14.
Kxd2 Qxf5 15. Bg2 O-O 16. Bxc6 bxc6 17. Rae1 Rae8 18. Rhf1 Qe6 19. a3 e4 20.
Rf4 f5 21. h4 c5 22. Kd1 Rb8 23. b3 d3 24. Qe3 Rxb3 25. Qxc5 Rc8 26. Rxf5 Rxc5
27. Rxc5 Rb1+ 28. Kd2 Qh6+ 29. Rg5 dxc2 30. Rc1 Qd6+ 31. Kxc2 Qd3# 0-1

[Event "25. Open Internacional de Parla 2010"]
[Site "Parla ESP"]
[Date "2010.09.04"]
[Round "1.40"]
[White "Martin Duque, Jesus"]
[Black "Rios Barba, Faustino"]
[Result "1-0"]
[WhiteElo "2073"]
[BlackElo "1591"]
[PlyCount "25"]
[EventDate "2010.09.04"]
[EventType "swiss"]
[EventRounds "9"]
[EventCountry "ESP"]
[Source "lmi"]
[SourceDate "2010.09.04"]

1. e4 e5 2. Nf3 d6 3. Nc3 Nf6 4. d4 Bg4 5. dxe5 Bxf3 6. Qxf3 dxe5 7. Bc4 c6 8.
O-O Nbd7 9. Bg5 Be7 10. Rad1 O-O 11. Qf5 Qc7 12. Rxd7 Qxd7 13. Qxd7 1-0

[Event "25. Open Internacional de Parla 2010"]
[Site "Parla ESP"]
[Date "2010.09.04"]
[Round "1.41"]
[White "Martin Garcia, Francisco Javier"]
[Black "Cabañas Bravo, Juan Andres"]
[Result "0-1"]
[WhiteElo "1575"]
[BlackElo "2049"]
[PlyCount "76"]
[EventDate "2010.09.04"]
[EventType "swiss"]
[EventRounds "9"]
[EventCountry "ESP"]
[Source "lmi"]
[SourceDate "2010.09.04"]

1. d4 Nf6 2. Nf3 g6 3. c4 Bg7 4. g3 O-O 5. Bg2 d5 6. Qc2 Na6 7. a3 Bf5 8. Qb3
Rb8 9. O-O dxc4 10. Qxc4 b5 11. Qb3 c5 12. dxc5 Nxc5 13. Qd1 Qc8 14. b4 Rd8 15.
Nbd2 Nfe4 16. bxc5 Bxa1 17. Qb3 Nxc5 18. Qa2 Bg7 19. Ng5 Ne6 20. Ndf3 h6 21.
Nxe6 Bxe6 22. Qb1 Bh3 23. Nh4 Bxg2 24. Kxg2 Qc4 25. Be3 a5 26. Kg1 Qxe2 27.
Nxg6 fxg6 28. Qxg6 Rd1 29. Rxd1 Qxd1+ 30. Kg2 Qd6 31. Qg4 b4 32. axb4 axb4 33.
Kg1 Qc6 34. Bd4 Qc1+ 35. Kg2 Qg5 36. Qe6+ Kh8 37. Be3 Qf6 38. Qg4 b3 0-1

[Event "25. Open Internacional de Parla 2010"]
[Site "Parla ESP"]
[Date "2010.09.04"]
[Round "1.42"]
[White "Tipter, Napoleon"]
[Black "Martinez Soler, Manuel"]
[Result "1-0"]
[WhiteElo "2027"]
[BlackElo "1563"]
[PlyCount "97"]
[EventDate "2010.09.04"]
[EventType "swiss"]
[EventRounds "9"]
[EventCountry "ESP"]
[Source "lmi"]
[SourceDate "2010.09.04"]

1. e4 e5 2. Nf3 Nc6 3. Bb5 a6 4. Ba4 Nf6 5. O-O b5 6. Bb3 Be7 7. Re1 d6 8. h3
O-O 9. c3 Nb8 10. d4 Nbd7 11. Nbd2 exd4 12. cxd4 c5 13. e5 dxe5 14. dxe5 Ne8
15. e6 c4 16. exd7 Bxd7 17. Bc2 Bf6 18. Ne4 Bc6 19. Qxd8 Rxd8 20. Nxf6+ Nxf6
21. Bg5 Rd6 22. Bxf6 Rxf6 23. Ne5 Rd8 24. Rad1 Rxd1 25. Rxd1 g6 26. Rd8+ Kg7
27. Rc8 Bd5 28. Rc5 Rd6 29. a4 Be6 30. axb5 axb5 31. Rxb5 Kf6 32. Nf3 Ra6 33.
Kf1 c3 34. b3 Ra2 35. Nd4 Ra1+ 36. Ke2 Rg1 37. Nxe6 fxe6 38. g3 Rc1 39. Bd3 Ra1
40. Rc5 Ra2+ 41. Ke3 c2 42. Rxc2 Ra5 43. b4 Ra8 44. b5 Rb8 45. Rc6 Ke5 46. Bc4
Re8 47. b6 h6 48. Rxe6+ Rxe6 49. Bxe6 1-0

[Event "25. Open Internacional de Parla 2010"]
[Site "Parla ESP"]
[Date "2010.09.04"]
[Round "1.44"]
[White "Lopez Heras, Arturo"]
[Black "Ojosnegros Martin, Angel"]
[Result "1-0"]
[WhiteElo "2013"]
[BlackElo "1384"]
[PlyCount "101"]
[EventDate "2010.09.04"]
[EventType "swiss"]
[EventRounds "9"]
[EventCountry "ESP"]
[Source "lmi"]
[SourceDate "2010.09.04"]

1. e4 e6 2. d4 d5 3. e5 c5 4. c3 Nc6 5. Nf3 Qb6 6. a3 c4 7. Be2 Na5 8. Nbd2 Nh6
9. O-O Bd7 10. Ne1 Be7 11. f4 Nf5 12. Ndf3 h5 13. g3 Nb3 14. Rb1 a5 15. Nc2 f6
16. Ne3 Nxe3 17. Bxe3 f5 18. Ng5 g6 19. Qe1 Qc7 20. Bd1 a4 21. Nf3 Na5 22. Nh4
Bxh4 23. gxh4 b5 24. Qg3 Kf7 25. Rf2 Rag8 26. Rg2 Qd8 27. Kh1 Rg7 28. Bf3 Qg8
29. Rbg1 Bc6 30. Qg5 Qd8 31. Qxd8 Rxd8 32. Bxh5 Rdg8 33. Bf3 Be8 34. h5 Kf8 35.
hxg6 Bxg6 36. Rg5 Nc6 37. R1g2 Nd8 38. Kg1 Nf7 39. R5g3 Nh6 40. Bf2 Nf7 41. h4
Bh7 42. h5 Rxg3 43. Bxg3 Nh6 44. Bh4 Rxg2+ 45. Kxg2 Kf7 46. Kg3 Kg8 47. Bf6 Kf8
48. Kh4 Nf7 49. Bg5 Kg7 50. Be7 Kh6 51. Bf8# 1-0

[Event "25. Open Internacional de Parla 2010"]
[Site "Parla ESP"]
[Date "2010.09.05"]
[Round "2.1"]
[White "Corrales Jimenez, Fidel"]
[Black "Ruiz Sanchez, Roberto"]
[Result "1-0"]
[WhiteElo "2599"]
[BlackElo "2079"]
[PlyCount "39"]
[EventDate "2010.09.04"]
[EventType "swiss"]
[EventRounds "9"]
[EventCountry "ESP"]
[Source "lmi"]
[SourceDate "2010.09.04"]

1. d4 d5 2. c4 c6 3. Nc3 Nf6 4. e3 e6 5. Nf3 Nbd7 6. Bd3 Bd6 7. O-O O-O 8. e4
dxe4 9. Nxe4 Nxe4 10. Bxe4 h6 11. b3 Nf6 12. Bc2 Bd7 13. Qd3 Qb8 14. Bb2 b5 15.
c5 Be7 16. d5 g6 17. d6 Bd8 18. Ne5 Qb7 19. Nxg6 Re8 20. Ne7+ 1-0

[Event "25. Open Internacional de Parla 2010"]
[Site "Parla ESP"]
[Date "2010.09.05"]
[Round "2.2"]
[White "Castejon Caballero, Andres"]
[Black "Strikovic, Aleksa"]
[Result "0-1"]
[WhiteElo "2077"]
[BlackElo "2560"]
[PlyCount "66"]
[EventDate "2010.09.04"]
[EventType "swiss"]
[EventRounds "9"]
[EventCountry "ESP"]
[Source "lmi"]
[SourceDate "2010.09.04"]

1. e4 c5 2. Nf3 e6 3. d4 cxd4 4. Nxd4 a6 5. a3 Nf6 6. Nc3 Qc7 7. Nb3 b5 8. Be3
b4 9. Na4 Nc6 10. Nb6 Rb8 11. Nxc8 Qxc8 12. axb4 Bxb4+ 13. c3 Be7 14. Bxa6 Qc7
15. Bd3 d5 16. exd5 Nxd5 17. Nd4 O-O 18. Nxc6 Qxc6 19. Qd2 Nxe3 20. fxe3 Bh4+
21. Kf1 Rfd8 22. Qe2 g6 23. e4 Qb6 24. g3 Qxb2 25. Rb1 Qxc3 26. Rd1 Rb2 27. Qf3
Bf6 28. Be2 Rxd1+ 29. Bxd1 Qd2 30. Be2 Bc3 31. Qf2 Rc2 32. h4 Bd4 33. Qf3 Rc3
0-1

[Event "25. Open Internacional de Parla 2010"]
[Site "Parla ESP"]
[Date "2010.09.05"]
[Round "2.2"]
[White "Vazquez Igarza, Renier"]
[Black "Martin Duque, Jesus"]
[Result "1-0"]
[WhiteElo "2535"]
[BlackElo "2073"]
[PlyCount "85"]
[EventDate "2010.09.04"]
[EventType "swiss"]
[EventRounds "9"]
[EventCountry "ESP"]
[Source "lmi"]
[SourceDate "2010.09.04"]

1. Nf3 Nf6 2. c4 c6 3. Nc3 d5 4. d4 dxc4 5. a4 Bf5 6. Ne5 Nbd7 7. Nxc4 Qc7 8.
g3 e5 9. dxe5 Nxe5 10. Bf4 Nfd7 11. Bg2 f6 12. O-O Rd8 13. Qc1 Be6 14. Ne4 Be7
15. Qc3 O-O 16. b3 Rfe8 17. Rfd1 Bd5 18. Nxe5 Nxe5 19. Rxd5 Rxd5 20. Nxf6+ Bxf6
21. Bxd5+ Kh8 22. Re1 Qd7 23. Bg2 Nd3 24. Qd2 Bc3 25. Qxc3 Nxe1 26. Qxe1 Qe6
27. Qb4 Re7 28. Bf3 Kg8 29. Kg2 Rd7 30. h4 Kf7 31. Be3 b6 32. Qc3 c5 33. Qc2 g6
34. h5 Qe5 35. Qc4+ Kg7 36. h6+ Kf8 37. b4 cxb4 38. Qxb4+ Kf7 39. Qb3+ Kf8 40.
Bf4 Qf5 41. e4 Qc5 42. Qe6 Qd4 43. Be5 1-0

[Event "25. Open Internacional de Parla 2010"]
[Site "Parla ESP"]
[Date "2010.09.05"]
[Round "2.4"]
[White "Del Rio de Angelis, Salvador G"]
[Black "Tipter, Napoleon"]
[Result "1-0"]
[WhiteElo "2515"]
[BlackElo "2027"]
[PlyCount "55"]
[EventDate "2010.09.04"]
[EventType "swiss"]
[EventRounds "9"]
[EventCountry "ESP"]
[Source "lmi"]
[SourceDate "2010.09.04"]

1. d4 Nf6 2. c4 c5 3. d5 g6 4. Nc3 d6 5. e4 Bg7 6. Nge2 O-O 7. Ng3 e5 8. Bd3 a6
9. O-O Ne8 10. Rb1 Nc7 11. a3 f5 12. exf5 gxf5 13. f3 Qe8 14. Qc2 Qg6 15. b4 b6
16. bxc5 bxc5 17. Rb6 Rf6 18. Qb1 Nd7 19. Rc6 Rb8 20. Qc2 Ne8 21. Nxf5 Qf7 22.
Bg5 Bb7 23. Bxf6 Qxf6 24. Rb1 Bxc6 25. dxc6 Rxb1+ 26. Qxb1 Nf8 27. Nd5 Qd8 28.
Nxg7 1-0

[Event "25. Open Internacional de Parla 2010"]
[Site "Parla ESP"]
[Date "2010.09.05"]
[Round "2.5"]
[White "Cabañas Bravo, Juan Andres"]
[Black "Gomez Garrido, Camilo"]
[Result "0-1"]
[WhiteElo "2049"]
[BlackElo "2514"]
[PlyCount "80"]
[EventDate "2010.09.04"]
[EventType "swiss"]
[EventRounds "9"]
[EventCountry "ESP"]
[Source "lmi"]
[SourceDate "2010.09.04"]

1. e4 c5 2. Nf3 d6 3. d4 Nf6 4. Nc3 cxd4 5. Nxd4 a6 6. Bg5 e6 7. f4 Qc7 8. Qf3
b5 9. Bxf6 gxf6 10. O-O-O Bb7 11. Qh5 Ke7 12. Bd3 Qc5 13. Nf5+ exf5 14. exf5
Nd7 15. Rhe1+ Kd8 16. Be4 Bxe4 17. Nxe4 Qc4 18. b3 Qc6 19. Qxf7 Rc8 20. Re2 d5
21. Rxd5 Ba3+ 22. Kd1 Rf8 23. Qe6 Kc7 24. Red2 Nb6 25. R5d3 Rce8 26. Qxc6+ Kxc6
27. Nd6 Bxd6 28. Rxd6+ Kc7 29. Re6 Rxe6 30. fxe6 f5 31. c4 bxc4 32. bxc4 Kc6
33. Kc2 Re8 34. Re2 Nxc4 35. Kc3 Kd5 36. e7 Nd6 37. Re5+ Kc6 38. Ra5 Nb5+ 39.
Kb4 Kb6 40. a4 Rxe7 0-1

[Event "25. Open Internacional de Parla 2010"]
[Site "Parla ESP"]
[Date "2010.09.05"]
[Round "2.6"]
[White "Roa Alonso, Santiago"]
[Black "Lopez Heras, Arturo"]
[Result "1-0"]
[WhiteElo "2454"]
[BlackElo "2013"]
[PlyCount "73"]
[EventDate "2010.09.04"]
[EventType "swiss"]
[EventRounds "9"]
[EventCountry "ESP"]
[Source "lmi"]
[SourceDate "2010.09.04"]

1. d4 Nf6 2. c4 g6 3. Nc3 d5 4. Bf4 c6 5. e3 Bg7 6. Nf3 Bg4 7. Qb3 Qb6 8. cxd5
Qxb3 9. axb3 cxd5 10. Nb5 Na6 11. Rxa6 bxa6 12. Nc7+ Kd7 13. Nxa8 Rxa8 14. Ne5+
Ke8 15. Nxg4 Nxg4 16. h3 e5 17. Bg3 Nh6 18. dxe5 Rb8 19. Kd2 Rxb3 20. Kc2 Rb6
21. Bd3 f6 22. exf6 Bxf6 23. Rb1 Nf7 24. e4 dxe4 25. Bxe4 Nd6 26. Bd5 Kd7 27.
Bf4 Nf5 28. b3 Rb5 29. Bc4 Ra5 30. Rd1+ Kc6 31. Bd2 Ra2+ 32. Kd3 a5 33. Re1 Bd4
34. Re6+ Kd7 35. Re2 Bf6 36. Be6+ Kd6 37. Bf4+ 1-0

[Event "25. Open Internacional de Parla 2010"]
[Site "Parla ESP"]
[Date "2010.09.05"]
[Round "2.7"]
[White "Gomez Gonzalez, Javier"]
[Black "Barria Zuñiga, Daniel"]
[Result "0-1"]
[WhiteElo "2016"]
[BlackElo "2419"]
[PlyCount "44"]
[EventDate "2010.09.04"]
[EventType "swiss"]
[EventRounds "9"]
[EventCountry "ESP"]
[Source "lmi"]
[SourceDate "2010.09.04"]

1. e4 c5 2. Nf3 e6 3. c3 Nf6 4. e5 Nd5 5. d4 cxd4 6. cxd4 d6 7. Qb3 Nc6 8. Bg5
Be7 9. Bxe7 Qxe7 10. Nbd2 O-O 11. g3 Rd8 12. Bb5 Bd7 13. a3 dxe5 14. dxe5 Qc5
15. Ne4 Qb6 16. Bc4 Nd4 17. Qxb6 Nxf3+ 18. Ke2 Nxb6 19. Kxf3 Nxc4 20. Rhd1
Nxe5+ 21. Kf4 Ng6+ 22. Ke3 Bc6 0-1

[Event "25. Open Internacional de Parla 2010"]
[Site "Parla ESP"]
[Date "2010.09.05"]
[Round "2.8"]
[White "Piña Sierra, Jesus"]
[Black "Taboas Rodriguez, Daniel"]
[Result "0-1"]
[WhiteElo "2013"]
[BlackElo "2381"]
[PlyCount "54"]
[EventDate "2010.09.04"]
[EventType "swiss"]
[EventRounds "9"]
[EventCountry "ESP"]
[Source "lmi"]
[SourceDate "2010.09.04"]

1. f4 d5 2. e3 Nf6 3. Nf3 g6 4. b3 Bg7 5. Bb2 O-O 6. Be2 c5 7. O-O Nc6 8. Ne5
Bd7 9. d4 Ne4 10. Bd3 Qc8 11. Nd2 Nxd2 12. Qxd2 Bf5 13. Qe2 Bxd3 14. cxd3 cxd4
15. exd4 e6 16. Rac1 Qc7 17. Kh1 Rfc8 18. g4 Qe7 19. f5 exf5 20. gxf5 f6 21.
fxg6 fxe5 22. Rf7 Qe6 23. Rxg7+ Kxg7 24. gxh7 Rc7 25. dxe5 d4 26. Qg2+ Kh8 27.
Bxd4 Rg7 0-1

[Event "25. Open Internacional de Parla 2010"]
[Site "Parla ESP"]
[Date "2010.09.05"]
[Round "2.9"]
[White "Rubio Mejia, Luis Ignacio"]
[Black "Vargas Huamani, Juan Carlos"]
[Result "1-0"]
[WhiteElo "2373"]
[BlackElo "2013"]
[PlyCount "81"]
[EventDate "2010.09.04"]
[EventType "swiss"]
[EventRounds "9"]
[EventCountry "ESP"]
[Source "lmi"]
[SourceDate "2010.09.04"]

1. d4 Nf6 2. c4 c5 3. d5 e6 4. Nc3 exd5 5. cxd5 d6 6. Nf3 g6 7. Nd2 Bg7 8. e4
O-O 9. Be2 a6 10. a4 Qc7 11. O-O Nbd7 12. Ra3 Re8 13. Qc2 Ne5 14. h3 b6 15. b3
Rb8 16. Nc4 Ned7 17. Bf4 Bf8 18. Ne3 Ne5 19. Bh2 Qe7 20. Re1 Qc7 21. Raa1 Bg7
22. Rad1 Bh6 23. Nc4 Nxc4 24. bxc4 Qe7 25. Bf1 Nd7 26. Rb1 Bg7 27. Kh1 f6 28.
Rb3 g5 29. Reb1 a5 30. Bd3 Ne5 31. Rxb6 Rxb6 32. Rxb6 f5 33. Bf1 f4 34. Nb5 Nf7
35. f3 Be5 36. Qd2 h5 37. Rb8 Nh6 38. Qxa5 g4 39. Qc7 Qxc7 40. Nxc7 Rf8 41. a5
1-0

[Event "25. Open Internacional de Parla 2010"]
[Site "Parla ESP"]
[Date "2010.09.05"]
[Round "2.10"]
[White "Madurga Lopez, Ignacio"]
[Black "Elissalt Cardenas, Hector"]
[Result "0-1"]
[WhiteElo "2010"]
[BlackElo "2357"]
[PlyCount "55"]
[EventDate "2010.09.04"]
[EventType "swiss"]
[EventRounds "9"]
[EventCountry "ESP"]
[Source "lmi"]
[SourceDate "2010.09.04"]

1. e4 g6 2. d4 Bg7 3. Nc3 c6 4. Be3 d5 5. Qd2 Qa5 6. exd5 cxd5 7. Bb5+ Kf8 8.
Nge2 a6 9. Bd3 Nc6 10. O-O Nf6 11. Bh6 b5 12. Nb1 Qxd2 13. Bxg7+ Kxg7 14. Nxd2
Ne8 15. Nb3 Nd6 16. Nc5 Ra7 17. c3 Bf5 18. Bxf5 Nxf5 19. Nf4 e6 20. Nfd3 Nd6
21. a4 b4 22. Nxb4 Nxb4 23. cxb4 Rb8 24. Nd3 Nf5 25. Ne5 Nxd4 26. Rfd1 f6 27.
Rxd4 fxe5 28. Rh4 0-1

[Event "25. Open Internacional de Parla 2010"]
[Site "Parla ESP"]
[Date "2010.09.05"]
[Round "2.11"]
[White "Perez Gonzalez, Jose Manuel"]
[Black "Sanchez Garcia, Manuel"]
[Result "1-0"]
[WhiteElo "2318"]
[BlackElo "2002"]
[PlyCount "107"]
[EventDate "2010.09.04"]
[EventType "swiss"]
[EventRounds "9"]
[EventCountry "ESP"]
[Source "lmi"]
[SourceDate "2010.09.04"]

1. e4 Nf6 2. Nc3 d5 3. e5 Nfd7 4. e6 fxe6 5. d4 Nf6 6. Nf3 c5 7. dxc5 Nc6 8.
Bb5 g6 9. h4 Qc7 10. Be3 Bd7 11. Bxc6 Bxc6 12. Bd4 Bg7 13. h5 gxh5 14. Qe2
O-O-O 15. Ng5 Qa5 16. Nf7 e5 17. Nxe5 Be8 18. O-O-O Kb8 19. Kb1 Ka8 20. Rh3 Ng4
21. Nf3 Bxd4 22. Nxd4 Bd7 23. Nb3 Qa6 24. Qxa6 bxa6 25. Rxh5 e6 26. Rd2 Rdf8
27. f3 Nf6 28. Re5 Rc8 29. g4 h5 30. g5 Ne8 31. Ne2 h4 32. Ned4 Ng7 33. Rh2
Rcf8 34. Kc1 Kb8 35. Kd2 Kc7 36. Ke3 Kd8 37. Nc1 Ke7 38. Nd3 a5 39. Nf4 Kf7 40.
Ng2 h3 41. Nf4 Rc8 42. Rxh3 Rxh3 43. Nxh3 Rxc5 44. Nf4 a4 45. Nd3 Rc4 46. a3 a5
47. c3 Rc8 48. Kd2 Rh8 49. Re2 Kg6 50. Ne5+ Kxg5 51. Nxd7 Kf4 52. Nxe6+ Nxe6
53. Rxe6 Rh2+ 54. Re2 1-0

[Event "25. Open Internacional de Parla 2010"]
[Site "Parla ESP"]
[Date "2010.09.05"]
[Round "2.12"]
[White "Bote Kobolo, Benjamin"]
[Black "Rodriguez Lopez, Rafael"]
[Result "0-1"]
[WhiteElo "1969"]
[BlackElo "2314"]
[PlyCount "58"]
[EventDate "2010.09.04"]
[EventType "swiss"]
[EventRounds "9"]
[EventCountry "ESP"]
[Source "lmi"]
[SourceDate "2010.09.04"]

1. e4 c5 2. Nc3 d6 3. Nf3 a6 4. h3 Nc6 5. a4 Nf6 6. d3 g6 7. g3 Bg7 8. Bg2 O-O
9. O-O Rb8 10. Ne2 b5 11. axb5 axb5 12. Be3 Nd7 13. Qc1 Bb7 14. Bh6 e5 15. Bxg7
Kxg7 16. c3 Nf6 17. Nh4 d5 18. Qg5 Kh8 19. f4 dxe4 20. fxe5 Nd7 21. Qh6 exd3
22. Rxf7 Rxf7 23. Nxg6+ Kg8 24. Bd5 Ncxe5 25. Nxe5 Nxe5 26. Bxb7 dxe2 27. Qh5
Rbxb7 28. Qxe5 Qd1+ 29. Kg2 Qf1+ 0-1